|
|
|
|
| LEADER |
00809nam a2200169 a 4500 |
| 001 |
GR-MES2620 |
| 008 |
991111s1985 gr 000 0 gre|c |
| 040 |
|
|
|a GrPaTEI
|b gre
|c GR-PaULI
|
| 100 |
1 |
|
|a Κοίλιας, Χρήστος.
|
| 245 |
1 |
3 |
|a Τα αρχεία της BASIC και οι εφαρμογές τους /
|c Χρήστου Κοίλια.
|
| 260 |
|
|
|a Αθήνα :
|b Παπασωτηρίου,
|c c1985.
|
| 300 |
|
|
|a 156 σ. :
|b εικ. ;
|c 24 εκ.
|
| 650 |
|
7 |
|a BASIC (Γλώσσα προγραμματισμού Η/Υ)
|2 lcsh/gre
|
| 942 |
|
|
|2 ddc
|
| 952 |
|
|
|0 0
|1 0
|2 ddc
|4 0
|6 005_130000000000000_ΚΟΙ
|7 0
|9 267033
|a MSLG
|b MSLG
|c BSC
|d 2021-01-17
|e 24
|f 0
|g 0.00
|l 0
|o 005.13 ΚΟΙ
|p 2420000000178
|r 2021-01-17 00:00:00
|t 1
|w 2021-01-17
|y BK15
|x 19991111 0 1
|x GrPaTEI
|
| 971 |
|
|
|a .b25736656
|b 10-07-20
|c 13-09-16
|
| 999 |
|
|
|c 153695
|d 153695
|